000 01819nam0a2200373 4500
001 RU\NLR\bibl\1764932
005 20260408024447.0
010 _a978-5-9902406-2-9
021 _aRU
_b2011-631и
_994и
035 _a(NLR Aleph) 001755734
090 _a1546987
_c1546987
100 _a20110429d2011 u y0rusy50 ca
101 0 _arus
_aeng
102 _aRU
105 _aa |||||||||
200 1 _aГригорий Майофис
_iХудожник и модель: опыты прочтения
_dGregori Maiofis. Artist and model: ways of reading
_e[ретроспективная музейная выставка
_fавт. вступ. ст.: Александр Боровский и др.]
_zeng
210 _aСанкт-Петербург
_cНовый музей
_d2011
215 _a195 с.
_cил., цв. ил., портр.
_d29
300 _aВ надзаг.: Новый музей
300 _aТекст парал. на рус. и англ. яз.
510 1 _aGregori Maiofis. Artist and model: ways of reading
_zeng
600 1 _aМайофис
_bГ.М.
_f1970
_gГригорий Михайлович
_xВыставки
_yСанкт-Петербург, город
_z2011
_92623956
_3RU\NLR\auth\661560516
601 0 2 _aНовый музей
_cСанкт-Петербург, город
_xВыставки
_z2011
_92623959
_3RU\NLR\auth\661560519
686 _aЩ163(2Р=Рус)7-8Майофис л62
686 _aЩ101.3(2Р)-2Санкт-Петербург2Новый музей л62
702 1 _aМайофис
_bГ.
_gГригорий
_4570
712 0 2 _4557
_aНовый музей
_cСанкт-Петербург
_3RU\NLR\AUTH\8810185301
_9866199
801 0 _aRU
_bNLR
_c20110429
_gRCR
801 1 _aRU
_bNLR
_c20110429
942 _cBOOK
980 _aNB
980 _aNBR